00583nam a22002057a 4500003000500000005001700005008004100022010001000063011001000073035001000083040000900093100002400102245005900126260006200185300001800247490002400265650003800289650002600327830002400353CHAP20220329135908.0971013s1908 r 00010 d a43840 a44812 a48951 cCHAP00aRamírez, Román. aGorgojos y palomillas de los graneros y de las harinas a(México, D. F.) :bEstación Agrícola Central,c1908 a5 p.b: ilus. aCircular CIASEv; 514aCerealesxAlmacenamientoxPlagas.14aSitophilus granarius.0 aCircular CIASEv; 5